|
|
|
|
| LEADER |
01097nam a2200373 4500 |
| 001 |
DLU110120295 |
| 005 |
##20110422 |
| 008 |
##821004s1984 nyuab b 001 0 eng |
| 010 |
# |
# |
|a 82020396
|
| 020 |
# |
# |
|a 0024276901 (pbk. : v. 1)
|
| 020 |
# |
# |
|a 0024277002 (pbk. : v. 2)
|
| 035 |
# |
# |
|9 (DLC) 82020396
|
| 040 |
# |
# |
|a DLC
|c DLC
|d DLC
|
| 082 |
# |
# |
|a 808.8
|b Lit
|
| 245 |
# |
# |
|a Literature of the Western world.
|n t.I /
|c [compiled by] Brian Wilkie, James Hurt.
|
| 260 |
# |
# |
|a New York :
|b Macmillan,
|c c1984.
|
| 300 |
# |
# |
|a 2 v. :
|b ill., maps ;
|c 24 cm.
|
| 504 |
# |
# |
|a Includes bibliographies and indexes.
|
| 505 |
# |
# |
|a v. 1. The ancient world through the Renaissance -- v. 2. Neoclassicism through the modern period.
|
| 650 |
# |
# |
|a Literature
|x Collections.
|
| 700 |
# |
# |
|a Hurt, James,
|d 1934-
|
| 700 |
# |
# |
|a Wilkie, Brian,
|d 1929-
|
| 923 |
# |
# |
|a 01/2011NN
|
| 990 |
# |
# |
|a t.I
|
| 991 |
# |
# |
|a GT
|
| 992 |
# |
# |
|a 0
|
| 994 |
# |
# |
|a KNN
|
| 900 |
# |
# |
|a True
|
| 911 |
# |
# |
|a Đào Thị Thu Huyền
|
| 925 |
# |
# |
|a G
|
| 926 |
# |
# |
|a A
|
| 927 |
# |
# |
|a SH
|
| 980 |
# |
# |
|a Thư viện Trường Đại học Đà Lạt
|